[Event "Beersheba"]
[Site "Beersheba"]
[Date "1996.??.??"]
[Round "3"]
[White "Mikhalevski, Victor"]
[Black "Kantsler, Boris"]
[Result "1-0"]
[WhiteElo "2495"]
[BlackElo "2475"]
[Annotator "Stohl,I"]
[PlyCount "83"]
[EventDate "1996.03.??"]
[EventType "tourn"]
[EventRounds "11"]
[EventCountry "ISR"]
[EventCategory "10"]
[SourceTitle "CBM 053"]
[Source "ChessBase"]
[SourceDate "1996.08.01"]
[SourceVersion "1"]
[SourceVersionDate "1996.08.01"]
[SourceQuality "1"]

1. d4 {Kortschnoj Kanstler} d6 2. e4 Nf6 3. f3 e5 4. d5 {White doesn't
exchange Q so soon and more ambitiously closes the centre, giving the position
a King's Indian character.} (4. dxe5 dxe5 5. Qxd8+ Kxd8 6. Bc4 Ke8 7. Be3 (7.
a4 {Kanstler} a5 8. Na3 {N/} Bb4+ 9. Ke2 Nfd7 10. c3 Bc5 11. Bd3 Nb6 $10 {
Mikhalevski,V-Kantsler,B/ISR-cht/1996/1:0/49/}) 7... Nbd7 8. Ne2 Bc5 9. Kf2 Ke7
10. Nd2 Bb6 11. a4 a5 12. Nc1 Ne8 13. Nd3 f6 14. Bb3 Bxe3+ 15. Kxe3 Nd6 16. g3
b6 17. Bd5 Rb8 18. f4 Bb7 19. Bxb7 Rxb7 20. fxe5 $10 {1/2,Urban,K-Zagorskis,D/
Cappelle la Grande op/1996/}) 4... Be7 (4... Nxe4 $5 {Kortschnoj} 5. fxe4 Qh4+
6. Ke2 Qxe4+ 7. Be3 Be7 8. Nc3 Qg6 $44) 5. Be3 (5. c4 Nh5 6. Be3 O-O 7. Nc3 g6
8. Qd2 f5 9. exf5 gxf5 10. O-O-O Na6 11. Nge2 Kh8 12. f4 Nc5 13. Kb1 exf4 14.
Nxf4 Nxf4 15. Bd4+ $1 Bf6 16. Qxf4 Bd7 17. Bd3 Bxd4 18. Qxd4+ Qf6 19. Bc2 a5
20. Rhf1 Rae8 21. g3 Qg7 22. Qxg7+ $14 {[%csl Rf5,Rh7] _|_ק,Boensch,U-D�r,W/
Mitropa-Cup/1993/}) 5... Nh5 (5... O-O 6. c4 (6. Qd2 c6 7. c4 b5 $6 8. Nc3 b4
9. Nd1 a5 10. Nf2 Qc7 11. Rc1 Nbd7 12. Ne2 Ba6 13. Ng3 Rfc8 14. Nf5 Bf8 15.
dxc6 Qxc6 16. Be2 Nc5 17. O-O Ne8 18. Nd3 Ne6 19. b3 Qc7 20. Qe1 g6 21. Nh6+
Kh8 22. Qh4 f6 23. f4 exf4 24. Nxf4 Nxf4 25. Qxf4 Bg7 26. Bd4 $36 {Kortschnoj,
V-Nikolic,Pr/Barcelona WCup/1989/}) 6... c6 (6... a5 7. Nc3 Nfd7 8. Bd3 Bh4+ 9.
g3 Bg5 10. Bf2 Nc5 11. Bc2 c6 12. Nge2 cxd5 13. cxd5 Bh3 14. Rg1 Bd7 15. h4 Be7
16. a3 a4 17. Bxc5 dxc5 18. Bxa4 c4 19. d6 Bf6 20. Bxd7 Nxd7 21. Qd5 Rc8 22.
O-O-O $16 {Lutz,C-Sokolovs,A/Moscow olm/1994/}) 7. Nc3 a6 8. Qd2 cxd5 9. cxd5
Nbd7 10. Bd3 b5 11. Nge2 Nb6 12. b4 Bd7 13. O-O Qb8 14. Rfc1 Qb7 15. Nd1 Rfc8
16. Nb2 Bd8 17. g3 Ne8 18. Kg2 f5 19. h3 fxe4 20. fxe4 Nf6 21. Kh2 Be8 $132 {
Votava,J-Mokry,K/CZE-ch Turnov/1996/}) 6. c4 (6. Qd2 h6 $5 {[%cal Ye7g5] /\Bg5}
7. g3 (7. c4 {Kortschnoj} Bg5) 7... Bg5 8. Bh3 Bxe3 9. Qxe3 Nd7 10. Ne2 Nb6 11.
Bxc8 Rxc8 12. b3 c6 13. dxc6 bxc6 14. c4 O-O 15. Nbc3 d5 16. exd5 cxd5 17. Qxe5
Nf6 18. Rd1 Re8 19. Qd4 Qe7 20. c5 Rxc5 21. Kf2 Rc6 22. Rd2 Rec8 $10 {1/2,
Gerusel,M-Treppner,G/BL 8384/1984/}) (6. Nc3 Bg5 (6... O-O 7. Nge2 Bg5 8. Bf2
g6 9. h4 Be7 10. g4 Ng7 11. Qd2 c6 12. O-O-O Nd7 13. Kb1 f5 14. exf5 gxf5 15.
g5 Nb6 16. f4 e4 17. h5 h6 18. Nd4 Bd7 19. Nb3 Kh7 20. Be3 Ne8 21. Rg1 Nc7 22.
gxh6 $36 {Conquest,S-Koshi,V/Calcutta op/1994/}) 7. Bf2 g6 8. g3 Ng7 9. h4 Be7
10. Qd2 f5 11. exf5 gxf5 12. O-O-O O-O 13. Nge2 Nd7 14. Bh3 Nf6 15. Rh2 c6 16.
Rg1 Qa5 17. dxc6 bxc6 18. g4 fxg4 19. fxg4 d5 20. g5 Nfh5 21. Bxc8 Raxc8 22. g6
hxg6 $13 {Saravanan,V-Koshy,V/IND-ch/1994/}) 6... Bg5 7. Bf2 g6 (7... O-O 8. h4
Be7 9. Nc3 Nd7 10. Nge2 c6 11. Qd2 Nb6 12. g4 Nf6 13. Ng3 Ne8 14. Nf5 Bxf5 15.
exf5 cxd5 16. cxd5 Rc8 17. b3 Rxc3 18. Qxc3 Nxd5 19. Qd2 Nf4 20. O-O-O d5 21.
Be3 Nf6 22. Bxf4 exf4 23. g5 Bc5 24. Kb1 $16 {Bykhovsky,Av-Kanstler,B/
Beersheba/1996/}) 8. g4 $5 $146 (8. Nc3 f5 9. exf5 gxf5 10. g3 Qe7 11. Nh3 Bh6
12. Bg2 O-O 13. O-O Nf6 14. Re1 c5 15. Kh1 Na6 16. f4 e4 17. Bg1 Qf7 18. a3 Bd7
19. Qb3 b6 20. Nf2 Nc7 21. a4 Rab8 22. Nfd1 Bg7 $132 {Fedorowicz,J-Krant,R/New
York MCC/1992/}) (8. g3 O-O (8... Bh6 {Kanstler} 9. Nc3 f5 $5 10. Bg2 O-O 11.
Nge2 Nd7 12. O-O Ndf6 $15 {Zoler,D-Oratovsky,M/ISR-ch/1994/0:1/28/}) 9. Nc3 a5
10. Be2 Na6 $2 11. f4 $1 exf4 12. Bxh5 gxh5 13. Qxh5 f5 14. gxf4 Bf6 15. e5
dxe5 16. Nf3 exf4 17. Rg1+ Kh8 18. O-O-O Qe8 19. Qh6 Nb4 20. Nh4 $1 {1-0,
Psakhis,L-Vanheste,J/Oostende op/1992/}) 8... Nf4 (8... Ng7 $5 9. h4 Be7 10.
Nc3 O-O 11. Qd2 f5 $132) 9. h4 Bh6 (9... Be7 $5 {Kanstler} 10. Nc3 f5 $13) 10.
Nc3 {An interesting plan. White will ignore Black's Nf4 (or exchange it) and
play on the Q-side, as is usual in a King's Indian position with a blockaded
center. If Black opens the K-side (f5), then White is prepared to attack here
also.} f5 (10... Bf8 $5 11. Nge2 Nxe2 12. Bxe2 Be7 $14) (10... O-O {Kanstler}
11. Nge2 Nxe2 12. Nxe2 $14 (12. Bxe2 Bf4 $13)) 11. exf5 gxf5 12. g5 Bg7 13.
Nge2 Nh5 $6 (13... Nxe2 14. Bxe2 {[%cal Rd1d2,Rh4h5] /\Qd2,h5->} h6 15. Rg1 $5
$14 (15. f4 exf4 16. Bd4 Be5 $1 $13)) (13... O-O $6 {Kortschnoj} 14. Nxf4 exf4
15. Qd2 $16) 14. Qd2 Na6 15. O-O-O O-O {One of White's advantages in the
following struggle is that his K is safer, than Black's.} 16. Ng3 $1 Qe8 (16...
Nf4 17. Nce2 (17. Be3 {Kortschnoj} Ng6 18. Nh5 $16) 17... Nxe2+ 18. Bxe2 {
[%cal Rg3h5] /\Nh5} Qe8 19. f4 $16) (16... Nxg3 {Kanstler} 17. Bxg3 Nc5 18. Bf2
$14) 17. Bd3 Nc5 18. Bc2 Bd7 19. Rde1 Nxg3 (19... Qf7 20. Nxh5 Qxh5 21. Bd1 Qf7
22. h5 $16) (19... a5 {Kanstler} 20. Nxh5 Qxh5 21. Bd1 $16) (19... a5 $5 $14 {
Kortschnoj}) 20. Bxg3 Qh5 21. Bd1 $1 f4 {A major strategic concession, handing
over the e4 square to White and burying the Bg7 for ever.} (21... Qf7 $5 $16) (
21... Rae8 {Kanstler} 22. f4 Qf7 23. h5 $16) (21... Qf7 {Kortschnoj} 22. h5 $16
) 22. Bf2 Bf5 23. Bxc5 $1 dxc5 24. Qf2 $6 (24. Ne4 $142 $5 Bxe4 25. Rxe4 {
[%csl Gd1,Rg7] ^-+/-/+-}) 24... b6 $2 (24... e4 $5 {Black's last chance.} 25.
fxe4 (25. Nxe4 Bd4 $132) 25... Bg4 26. Bxg4 Qxg4 27. e5 Rae8 $44) 25. Bc2 Bxc2
(25... e4 26. Bxe4 Bd4 27. Qg2 {+/-/+-}) 26. Kxc2 $18 {A good example of a
strategically won position. Black has absolutely no counterplay and White can
prepare the advance of his K-side pawns. Also exchanges only help White-any N
against B endgame is hopeless for Black.} Rad8 (26... e4 27. Rxe4 Bd4 28. Qe2 {
[%cal Rc3b5] /\Nb5+-}) 27. Ne4 Kh8 28. Reg1 Rd7 29. Qf1 Re7 30. g6 $1 Bh6 (
30... hxg6 31. Rg5 {[%cal Rh4h5] /\h5-> /\} (31. Rg5 {Kanstler} Qh7 32. h5 $18)
) (30... h6 {Kanstler} 31. Rg5 hxg5 32. hxg5 $18) 31. gxh7 Qf5 32. Rg4 Rxh7 33.
Rhg1 {[%cal Rf1g2,Gg1g8] /\Qg2,-><->g} Rg7 34. Rxg7 Bxg7 35. Rg5 Qd7 36. b3 Rf5
{Now White by a nice 4-move maneuver gets his Q closer to Black's K.} (36...
Rf7 37. Qg2 $18 {[%cal Rg5g6,Rg2g5,Rh4h6] /\Rg6,Qg5,h5-h6}) 37. Qh3 Rf7 38. Qg2
$1 {The endgame is of course already not enough.} Rf5 (38... Kg8 39. h5 Kf8 40.
h6 $1 (40. Rg6 $18) 40... Bxh6 41. Rg8+ Ke7 42. Qh2 Rh7 (42... Rg7 43. Qxh6
Rxg8 44. Qh7+ $18) 43. Qh4+ Kf7 44. Qh5+ $1 $18) 39. Qg4 Rf7 40. Qh5+ (40. Rh5+
$1 {Kanstler} Kg8 41. Nf6+ $18) 40... Kg8 41. Rg6 {[%cal Rh5g5,Rh4h6] /\Qg5,
h5-h6} Qh3 (41... Qf5 {Kortschnoj} 42. Qxf5 Rxf5 43. Rc6 Rf7 44. Ng5 $18) 42.
Rxg7+ $1 (42. Rxg7+ Kxg7 (42... Rxg7 43. Qe8+ Kh7 44. Nf6+ Kh6 45. Qh5#) 43.
Qxf7+ $1 Kxf7 44. Ng5+ $18) 1-0

[Event "Linares 13th"]
[Site "Linares"]
[Date "1995.03.10"]
[Round "8"]
[White "Topalov, Veselin"]
[Black "Beliavsky, Alexander G"]
[Result "1-0"]
[WhiteElo "2630"]
[BlackElo "2650"]
[Annotator "Stohl,I"]
[PlyCount "145"]
[EventDate "1995.03.01"]
[EventType "tourn"]
[EventRounds "13"]
[EventCountry "ESP"]
[EventCategory "17"]
[SourceTitle "CBM 046"]
[Source "ChessBase"]
[SourceDate "1995.06.01"]
[SourceVersion "1"]
[SourceVersionDate "1995.06.01"]
[SourceQuality "1"]

1. e4 d6 2. d4 Nf6 3. Nc3 g6 4. Be3 c6 (4... Bg7 5. h3 $5 {,followed by f4
promises White a space advantage. It's better for Black to de- lay the
development of his Bishop, in order to play e5 with the better placed Bf8.}) 5.
f3 Nbd7 6. g4 $5 (6. Qd2 {is more usual, e.g.} e5 7. O-O-O Qa5 8. Kb1 Bg7 9. h4
h5 10. dxe5 dxe5 11. Nh3 Bf8 $1 12. Ng5 Bc5 13. Bc4 O-O 14. Bxc5 Qxc5 15. Bb3
Qe7 16. Qd6 Qxd6 17. Rxd6 Kg7 18. Rhd1 Nc5 19. Rd8 Nxb3 20. axb3 Ne8 21. Na4
Nc7 22. Nc5 b6 23. Rxf8 Kxf8 24. Nd7+ Kg7 $10 {and Black maintained equality,
Magem Badals,J-Beim,V/Novi Sad olm/1990/}) 6... b5 (6... Qb6 7. Qc1 Bg7 8. Nge2
a6 9. h4 c5 10. h5 Rg8 11. a3 Qc6 12. Bg2 b6 13. Qd2 Bb7 14. Rg1 Qc7 15. h6 Bh8
16. g5 Nh5 17. O-O-O cxd4 18. Bxd4 Bxd4 19. Qxd4 Qc5 20. f4 Qxd4 21. Rxd4 Nc5
22. Nd5 Rc8 23. Kb1 b5 24. Bf3 $16 {Yudasin,L-Chernin,A/Pamplona/1991/ White
has a large space advantage and Black has no counterplay.}) 7. h4 (7. g5 Nh5 8.
a4 b4 9. Nce2 e5 10. Qd2 Bg7 11. O-O-O O-O 12. Kb1 Qa5 13. b3 c5 14. dxc5 dxc5
15. Nh3 Nb6 16. c4 Be6 17. Nc1 Nxa4 $5 18. bxa4 Rad8 19. Qc2 b3 20. Nxb3 Rb8
21. Kb2 Rb7 $13 {Georgiev,Kr-Smirin,I/Elenite/1993/}) 7... Bb7 (7... Nb6 $5 $13
{/\Nc4<=>}) (7... h5 $6 8. g5 {is bad, as the Knight must retreat passively
and White has a huge space advan- tage on the Kingside.}) (7... e5 8. h5 b4 (
8... exd4 $2 9. Qxd4 b4 10. Nce2 d5 11. hxg6 fxg6 12. g5 c5 13. Qd2 d4 14. Nxd4
cxd4 15. Bxd4 Bg7 16. gxf6 Nxf6 17. Qxb4 Be6 18. O-O-O Rb8 19. Bxf6 {1-0,
Georgiev,Kr-Moutousis,K/Athens/1991/}) 9. Nce2 Nb6 10. dxe5 dxe5 11. Qxd8+ Kxd8
12. Nc1 Be6 13. Bg5 Nbd7 14. Nd3 Bd6 15. f4 Ke7 16. Nf3 h6 17. Bh4 g5 $8 18.
fxe5 Nxe5 19. Ndxe5 gxh4 20. O-O-O (20. Nxc6+ $5) 20... Rac8 21. Ba6 Rc7 22.
Rxh4 Nxe4 23. Re1 Ng5 $13 {Georgiev,Kr-Chabanon,J/Sofia tt/1990/}) 8. h5 Rg8 $8
(8... Bg7 $6 9. h6 Bf8 10. g5 $16 {loses too much time and space.}) (8... gxh5
$2 9. g5 $40) 9. Qd2 Qc7 10. Nh3 (10. h6 e5 $132) 10... a6 11. O-O-O e6 $146 (
11... c5 12. dxc5 Nxc5 13. hxg6 hxg6 14. g5 {/\Nd5|^. Opening the position is
premature, as Black is behind in development.}) (11... e5 12. Be2 O-O-O 13. Ng5
exd4 14. Bxd4 c5 15. Be3 Nb6 16. hxg6 hxg6 17. Bf4 Qd7 18. Qe1 $36 {and
Black's position is rather shaky, Canfell,G-Chabanon,J/Novi Sad om/1990/}) 12.
hxg6 hxg6 13. Ng5 $14 {White has advantage in the center and occupies the only
open file, but Black's position is still solid.} Be7 14. Kb1 Rf8 {/\0-0-0} (
14... c5 15. dxc5 Nxc5 16. Bxb5+ $5 axb5 17. Nxb5 $36 {With three passed pawns
for a piece in an endgame White is clearly better.}) 15. Nh7 Nxh7 (15... Rh8 $5
16. Nxf6+ Bxf6 17. Rxh8+ Bxh8 18. Qh2 O-O-O {+/=/<=> This seems to be a better
possibility for Black, as the Rook is more dan- gerous on the h-file, than the
White Queen.}) 16. Rxh7 Nf6 (16... O-O-O 17. g5 $14 {-16...Nf6}) 17. Rh2 O-O-O
18. g5 Nd7 (18... Nh5 19. Bh3 {/\Bg4,d5-> Black's Knight on h5 is misplaced,
so Beliavsky must allow the Rook back to h7.}) 19. Rh7 Nb6 (19... c5 20. d5 $36
) 20. Qf2 c5 $8 (20... d5 $6 21. Qh4 $16 {/\Bf4 would seriously weaken the
black squares.}) 21. b3 (21. d5 $2 b4 $17) 21... cxd4 (21... Nd7 22. d5 $1 e5
23. Bh3 $36) 22. Bxd4 Nd7 {/\e5-+} 23. Qe3 Kb8 (23... e5 $6 24. Ba7 $16 {><d5})
24. a4 $1 b4 25. Na2 Rc8 (25... d5 26. exd5 Bxd5 27. Bxa6 $16) 26. Rd2 (26.
Nxb4 $2 d5 $19) 26... Qa5 27. Bg7 $5 (27. f4 e5 $132 {would give Black play
against White's weakened pawns e4,g5. The interesting maneuvre in the text
keeps the advantage.}) 27... Rfe8 (27... Bxg5 $2 28. f4 $16) 28. Bh6 Ne5 29.
Be2 {/\f4} (29. f4 $6 Ng4 $13) 29... Rh8 $8 30. Rxh8 Rxh8 31. Qd4 Rc8 32. Qxb4
(32. Nxb4 Nd7 33. Na2 d5 $5 {gives Black conterchances for a pawn, so White
strives for a better endgame.}) 32... Qxb4 33. Nxb4 d5 34. Bg7 $1 (34. Nxa6+ $2
Ka7 {פa6}) (34. Nd3 Nxf3 $1 35. Bxf3 dxe4 $13) 34... Bxb4 (34... Nxf3 $5 35.
Nxa6+ $1 Bxa6 36. Bxf3 Bxg5 (36... dxe4 $2 37. Be5+ $18) 37. Be5+ Ka7 38. Rg2
dxe4 39. Bxe4 $14 {עa7 White is slightly better, as his pawns are more
dangerous and his King is better sheltered. But this was much better than the
game, where Black has no counterchances.}) 35. Bxe5+ Ka8 36. Rd1 dxe4 37. fxe4
Bxe4 38. Bd3 Bxd3 (38... Bf5 39. Bxf5 gxf5 40. Rd7 $16) (38... Bb7 39. Rf1 $18)
39. Rxd3 Be7 40. Rd7 Bxg5 41. Rxf7 $16 {ק Black's passed pawns are weak and
his pieces are tied to their defence.} Rc5 (41... Rg8 42. Bd4 $16) 42. Bb2 (42.
Bd4 Rd5 43. c3 e5 $132) 42... Bh4 (42... e5 43. Rg7 e4 44. Rxg6 $16) 43. Rf8+
Kb7 44. Re8 Rc6 (44... g5 45. Rxe6 {/\} g4 46. Re4 $18) 45. c4 $1 (45. Rg8 g5
46. Bf6 Rc5 $14) 45... Bg3 (45... Rc8 46. Rxe6 Rg8 47. Bd4 $18) 46. Kc2 Bf4 47.
Bf6 g5 48. Re7+ Kc8 (48... Rc7 49. Rxe6 Rf7 50. Bd4 Bc7 51. Rg6 $18) 49. Rg7
Rc5 50. Kd3 a5 $6 {><a5,><b5 The decisive mistake, which weakens the a-pawn.
But White had a big advantage anyway.} (50... Rf5 $142 51. Be7 Re5 52. b4 $5
$16 (52. c5 Re3+ 53. Kc4 Re4+ $10)) 51. Be7 Rf5 (51... Re5 52. c5 Re3+ 53. Kc4
{/\Kb5->}) 52. c5 {/\Kc4-b5-c6} Kd7 $8 53. Bxg5+ Kc6 54. Bxf4 Rxf4 55. Ra7 Rf3+
(55... Kxc5 56. Rxa5+ Kb4 57. Rb5+ $18) 56. Kc4 Rf4+ 57. Kc3 Rf3+ 58. Kb2 $8
Kxc5 59. Rxa5+ Kd4 60. Ra8 e5 61. a5 Rf6 (61... Kc5 62. Rb8 {/\a6+-}) 62. Re8
e4 (62... Ra6 63. b4 Kc4 64. Ka3 $18) 63. b4 e3 (63... Kc4 $5 64. Ka3 $1 (64.
Rxe4+ $2 Kb5 65. Rd4 Rh6 $10) 64... Rf3+ (64... Kb5 65. Re5+ $18) 65. Ka4 e3
66. a6 Rf1 67. Ka5 $1 Ra1+ 68. Kb6 $18) 64. Kb3 (64. b5 $2 Rf5 $10) 64... Rf1
65. Rd8+ (65. a6 $5 Rb1+ 66. Ka4 Kd3 67. Kb5 Ra1 68. Kb6 e2 69. a7 Kd2 70. Kb7
$18) 65... Ke4 66. a6 Ra1 (66... e2 $5 67. Re8+ $1 (67. a7 $2 Rb1+ $1 (67...
Ra1 68. a8=Q+ Rxa8 69. Rxa8 e1=Q 70. Re8+ $18) 68. Kc4 (68. Kc2 Rc1+ $10) (68.
Ka2 Ra1+ $1 $10) 68... Rxb4+ $1 69. Kc5 Ra4 70. Rd4+ (70. a8=Q+ Rxa8 71. Rxa8
Ke3 $10) 70... Rxd4 71. a8=Q+ Ke3 $10) 67... Kd3 (67... Kf3 68. b5 $18) 68. a7
Ra1 (68... Rb1+ 69. Ka2 $18) 69. a8=Q $1 Rxa8 70. Rxa8 e1=Q 71. Rd8+ $18) 67.
b5 e2 68. Re8+ Kd3 69. Kb4 $1 $18 Kd2 (69... e1=Q+ 70. Rxe1 Rxe1 71. a7 $18)
70. Kc5 e1=Q 71. Rxe1 Kxe1 72. Kb6 Kd2 73. Ka7 $1 {/\b6-b7-b8Q} (73. a7 $2 Kd3
74. Kb7 Kc4 75. b6 Kc5 $10) 1-0

[Event "Odorheiu Secuiesc zt"]
[Site "Odorheiu Secuiesc"]
[Date "1995.??.??"]
[Round "9"]
[White "Hracek, Zbynek"]
[Black "Horvath, Csaba"]
[Result "1-0"]
[WhiteElo "2595"]
[BlackElo "2500"]
[Annotator "Stohl,I"]
[PlyCount "93"]
[EventDate "1995.03.??"]
[EventType "swiss"]
[EventRounds "9"]
[EventCountry "ROU"]
[SourceTitle "CBM 047"]
[Source "ChessBase"]
[SourceDate "1995.08.01"]
[SourceVersion "1"]
[SourceVersionDate "1995.08.01"]
[SourceQuality "1"]

1. e4 d6 2. d4 Nf6 3. Nc3 g6 4. Bg5 Bg7 5. Qd2 c6 6. f4 O-O (6... b5 7. e5 b4
$5 8. exf6 exf6 $13) 7. e5 $5 (7. Bd3 b5 8. Nf3 Bg4 9. e5 Bxf3 10. gxf3 b4 11.
Ne2 Nd5 12. Bc4 a5 13. O-O-O Nb6 14. Bd3 Qd7 15. exd6 Qxd6 16. f5 N8d7 17. Bh6
a4 18. Bxg7 Kxg7 19. h4 b3 $13 {Bezemer,A-Van Rijn,A/NLD-chT9495/1995/}) (7.
Nf3 d5 $6 8. Bxf6 exf6 9. O-O-O Bg4 10. exd5 cxd5 11. Be2 Nc6 12. h3 Be6 13. g4
Bh6 14. Rhf1 Qc7 15. Ne1 Na5 16. Kb1 a6 17. Ng2 b5 18. Ne3 Rad8 19. f5 $36 {
Tiviakov,S-Hodgson,Ju/Belgrade/1993/}) 7... Nd5 8. Nxd5 cxd5 9. Bd3 $1 $146 {
Surprisingly this natural move is a novelty. White doesn't allow Black to play
Bf5.} (9. Nf3 $6 Bf5 $15) (9. O-O-O Bf5 10. Ne2 Nc6 11. h3 Rc8 12. Ng3 Nxd4 $1
13. Nxf5 Nxf5 14. Bd3 h6 15. Bxf5 gxf5 16. Bh4 dxe5 17. fxe5 Rc4 18. g4 Qc7 19.
Kb1 Qxe5 20. c3 e6 $17 {Adams,M-Van Wely,L/Arnhem EU-chJ/1988/}) 9... Nc6 10.
Ne2 Bg4 {Sooner or later Black will be forced to exchange this Bishop for Ne2,
thus gi- ving White a potentially strong Bishop pair. Better was} (10... f6
$142 11. exf6 exf6 (11... Bxf6 12. Bxf6 Rxf6 13. O-O $14 {Black is worse due
to his weakened King-side.}) 12. Bh4 Qb6 13. c3 Ne7 14. O-O Bf5 $13 {Although
Black has doubled pawns, the d5,d6 duo controls important central squares. The
position remains balanced.}) 11. O-O-O Re8 (11... Nxd4 12. Nxd4 Bxd1 13. Rxd1
dxe5 14. fxe5 Bxe5 15. Nf3 $16 {Black's pawns and King will quickly come under
an attack, White's minor pieces are very active.}) 12. h3 Bxe2 13. Bxe2 Qb6 (
13... f6 14. exf6 exf6 15. Bh4 Nxd4 16. Qxd4 Rxe2 17. Qxd5+ Kh8 18. Rhe1 $16 {
White controls the e-file, Black's Rook an Bishop are passive, his pawns are
weak.}) 14. Rhf1 $6 {This is too direct and allows Black counterplay.} (14. Bf3
$5 $14) (14. Bh4 $14) 14... Rac8 15. Kb1 $8 f6 16. Bh4 (16. exf6 exf6 17. Bh4
Nxd4 $1 $17) 16... fxe5 17. dxe5 dxe5 18. Qxd5+ e6 19. Qb5 (19. Qb3 Qxb3 20.
axb3 Nd4 21. Bd3 Nf5 $15) 19... Qc7 20. c3 exf4 21. Qc4 Qe5 $6 (21... Be5 $142
22. Bg4 Qf7 $13 {The positional factors (pawn structure, active Bishops) speak
for White, so Black should try to hold on to his extra pawn with unclear
consequences.}) 22. Bg4 $16 {/\Qf4,Rfe1} b5 23. Qxf4 Qxf4 24. Rxf4 {The
material is again equal and the endgame is very difficult for Black.} Rc7 (
24... Ne5 $142 25. Be2 $16 {was somewhat better, but Black was already short
of time.}) 25. Re4 e5 (25... Ne5 26. Rd8 $1 (26. Bg3 Nxg4 $1 27. Bxc7 Nf2 $132)
26... Rxd8 27. Bxe6+ Kf8 28. Bxd8 $18) 26. Rd7 $1 Rec8 (26... Rcc8 27. Rd5 $18)
27. a4 a6 28. axb5 axb5 29. Be6+ Kf8 30. Bg3 $1 h5 31. Rxg7 Kxg7 32. Bxc8 Rxc8
33. Bxe5+ Kf7 (33... Nxe5 34. Rxe5 $18 {><b5}) 34. Bf4 Kf6 35. Be3 Kf5 36. Rf4+
Ke5 37. g4 hxg4 (37... Rd8 38. gxh5 gxh5 39. Rh4 $18) (37... Rh8 38. g5 {/\Rf6}
) 38. Rxg4 Kf6 39. h4 Re8 40. Bd4+ Nxd4 $6 (40... Kf7 $142 41. Rf4+ Kg8 42. Bf6
{+/-/+- The Rook endgame is completely lost for Black, as his King is cut off
from the weak b5-pawn, while White's Ph4 is protected by his Rook. Black's on-
ly chance was to keep the minor pieces on the board.}) 41. Rxd4 $18 Re5 42. Ka2
{><b5} Ke6 43. Ka3 g5 44. hxg5 Rxg5 45. Kb4 Ke7 46. Ka5 Rg8 47. Rb4 $1 (47.
Kxb5 $6 Rb8+ 48. Kc6 Rxb2 49. c4 $18 {leads to a theoretically won position,
but the text just simply wins Black's last pawn.}) 1-0